000
00259nam a22001097a 4500
082
_a
300
_b
SIE/G
100
_a
STATE INSTITUTE OF EDUCATIONAL TECHNOLOGY
245
_a
SIET KERALA
_b
GEOGRAPHY
260
_a
NEW DELHI
_b
GOVT. OF KERALA
300
_b
VCD
942
_c
BK
999
_c
7926
_d
7926